00338nam a2200133Ia 450000500170000000800410001702000180005808200190007610000230009524500320011825000120015026000250016230000170018720250407091233.0231217s9999 xx 000 0 und d a9788184045567 a006.76 RUS;1 R aRussell, Mathew A. 0aDojo : the definitive guide a1st ed. c2008bShroffaMumbai axxxi, 451+15